Normal view MARC view

Entry Topical Term

Number of records used in: 1

001 - CONTROL NUMBER

  • control field: 54454

003 - CONTROL NUMBER IDENTIFIER

  • control field: OSt

005 - DATE AND TIME OF LATEST TRANSACTION

  • control field: 20250618114746.0

008 - FIXED-LENGTH DATA ELEMENTS

  • fixed length control field: 250618|| aca||aabn | a|a d

040 ## - CATALOGING SOURCE

  • Original cataloging agency: OSt
  • Transcribing agency: OSt

150 ## - HEADING--TOPICAL TERM

  • Topical term or geographic name entry element: federal India, Paradiplomatics, foreign policy, global governance, sub- national activity

670 ## - SOURCE DATA FOUND

  • Source citation: Work cat.: (OSt): Tiwari, Neha 54453, Focusing Regional Aspirations in National Politics Through Paradiplomatic Practices: Creating an Equilibrium

Powered by Koha